| 000 | 00401nam a2200133Ia 4500 | ||
|---|---|---|---|
| 008 | 151015s9999 xx 000 0 und d | ||
| 020 | _a9.7807619535e+012 | ||
| 050 | _aH 61 .D3375 2010 | ||
| 245 | _aVaus De David | ||
| 250 | _a_Research Design in Social Research / David De Vaus | ||
| 500 | _aIncludes index | ||
| 650 | _a_Research Design in Social Research | ||
| 700 | _a^d20120120 10:40:59^oanne | ||
| 999 |
_c3302 _d3302 |
||